000 00546nam a2200169Ia 4500
003 LK-CoDNM
008 010623t xxu||||| |||| 00| 1 sin d
040 _aLK-CoDNM
_dLK-CoDNM
_eLK-CoDNM
041 _asin
080 _aP.26097
100 _aManoratna,Jayasiri.
245 _aසංඝ සමාජයේ ප්‍ර‍භවය හා ප්‍ර‍ගණක යුගයේ භික්ෂුව
246 _aSanga Samajaye Prabavaya Ha Pariganaka Yugaye Bhikshuwa
260 _bS.Godage
_aColombo
300 _b294.3 MAN cm
942 _cBK
999 _c141424
_d141424